Historia y crítica de la literatura española. Época contemporánea: 1914-1939 / Al cuidado de Francisco Rico; Concha, Víctor G. De La y otros
में बचाया:
| स्वरूप: | पुस्तक |
|---|---|
| भाषा: | Undetermined |
| प्रकाशित: |
Barcelona, España
Editorial Crítica
1984
|
| विषय: | |
| टैग: |
टैग जोड़ें
कोई टैग नहीं, इस रिकॉर्ड को टैग करने वाले पहले व्यक्ति बनें!
|
MARC
| LEADER | 00000nam a2200000Ia 4500 | ||
|---|---|---|---|
| 008 | 170316s9999 xx 000 0 und d | ||
| 040 | |a cru BVZT | ||
| 090 | |a H-862 H-1h v.7 | ||
| 245 | |a Historia y crítica de la literatura española. Época contemporánea: 1914-1939 / Al cuidado de Francisco Rico; Concha, Víctor G. De La y otros | ||
| 260 | |a Barcelona, España | ||
| 260 | |b Editorial Crítica | ||
| 260 | |c 1984 | ||
| 300 | |a 914 páginas Vol. 7 | ||
| 650 | |a LITERATURA ESPAÑOLA | ||
| 650 | |a HISTORIA | ||
| 650 | |a LA GENERACIÓN DE 1914 | ||
| 650 | |a EL NOVECENTISMO | ||
| 650 | |a JOSÉ ORTEGA Y GASSET | ||
| 650 | |a RAMÓN PÉREZ DE AYALA | ||
| 650 | |a JUAN RAMÓN JIMÉNEZ | ||
| 650 | |a RAMÓN - LA VANGUARDIA | ||
| 650 | |a LA GENERACIÓN DE 1927 | ||
| 650 | |a PEDRO SALINAS | ||
| 650 | |a JORGE GUILLÉN | ||
| 650 | |a FEDERICO GARCÍA LORCA | ||
| 650 | |a RAFAEL ALBERTI | ||
| 650 | |a VICENTE ALEIXANDRE | ||
| 650 | |a LUIS CERNUDA | ||
| 650 | |a DAMASO ALONSO | ||
| 650 | |a GERARDO DIEGO | ||
| 650 | |a EMILIO PRADOS | ||
| 650 | |a MANUEL ALTOLAGUIRRE | ||
| 650 | |a PROSA Y TEATRO - GENERACIÓN DEL 27 | ||
| 650 | |a LA LITERATURA ENTRE PUREZA Y REVOLUCIÓ | ||
| 999 | |c 13669 |d 13669 | ||
| 942 | |c 15 D |h H-862 H-1h v.7 |2 z | ||
